| 000 | 01354cam a22001814a 4500 | ||
|---|---|---|---|
| 005 | 20250605164349.0 | ||
| 008 | 250528s ||||||||||||||||||||||||d | ||
| 035 | _a24092 | ||
| 040 |
_aGR-AtMCL _bgre _dGR-AtMCL _eAACR2 |
||
| 245 | 1 | _aΒραβεία για Καινοτόμες Νεοφυείς Επιχειρήσεις (Start-ups) | |
| 260 |
_bΕμπορικό Και Βιομηχανικό Επιμελητήριο Αθηνών, _c2018 |
||
| 300 | _a64 | ||
| 520 | _aΜνημόνιο Συνεργασίας Επιμελητηρίων Ελλάδας - Κύπρου - Ισραήλ, Γενική Συνέλευση της Κ.Ε.Ε., Για τις Πολιτικές Εξελίξεις η Λογική Εκχωρεί τη Θέση της στα Γεγονότα, Σε Ανοδική Τροχιά η Ελληνική Οικονομία και το 2018, Συνεχίζεται το Ράλι της Τιμής των Καυσίμων, Ενθαρρυντικά Μηνύματα για τις Εξαγωγές το Πρώτο Τρίμηνο του 2018, Τα Μέτρα για την Εξοικονόμηση Ενέργειας στα Κτίρια, Πάει για Νέο Ρεκόρ ο Ελληνικός Τουρισμός το 2018. | ||
| 700 | 1 |
_aΜίχαλος Κωνσταντίνος _94319 |
|
| 942 | _cCR | ||
| 999 |
_c8991 _d8991 |
||